00911nam a2200193Ia 4500008004100000020001800041082001700059100002100076245007600097260002200173300001100195500003500206650006200241952010300303952009400406952009400500952010600594999001700700120622s9999 xx 000 0 und d a968-18-4873-X a512.13 G294a aGechtman, Murray aAlgebra y trigonometría con geometría analítica / Murray Gechtman aMéxico : Limusa a699 p. aTítulo original: Precalculus a1. ALGEBRA \ 2. TRIGONOMETRIA \ 3. GEOMETRIA ANALITICAÌ 00104070a01b01d2007-01-25l3o512.13 G294Ap01 002040r2017-09-04s2017-09-04w2012-06-24yLB 00104070a01b01d2007-01-25l0o512.13 G294Ap01 007247r2024-09-20t2w2012-06-24yLB 00104070a01b01d2007-01-25l0o512.13 G294Ap01 007248r2025-03-18t3w2012-06-24yLB 00104070a01b01d2007-01-25l1o512.13 G294Ap01 007249r2024-05-17s2017-01-17t4w2012-06-24yLB c54603d54603